000 00666nam a2200241Ia 4500
003 OSt
005 20221002050620.0
006 a|||||r|||| 00| 0
007 ta
008 220930b |||||||| |||| 00| 0 eng d
024 _a16719
037 _cReference Collections
040 _aCRL
_cCRL
_beng
041 _2eng
_aeng
082 _aw58,N, N0
100 _aBrown Archie ed.
245 0 _aSoviet Union
_b A biographical dictionary
260 _aLondon
_bWeidenfield and Nicolson U.
_c1990
300 _axiv, 489p.
_ccm.
650 _aBIOGRAPHY
942 _hw58,N, N0
_cref
_2CC
999 _c915028
_d915028